| 000 | 00346nam a22001337a 4500 | ||
|---|---|---|---|
| 003 | OSt | ||
| 005 | 20240119110547.0 | ||
| 008 | 240119b |||||||| |||| 00| 0 eng d | ||
| 040 | _c | ||
| 082 |
_2IST _a530.51/SHI/NIR |
||
| 245 |
_aAPPLIED MATHEMATICS _cSHINDE VITTHAL _hENGLISH |
||
| 260 |
_aPUNE _bTECHNICAL PUBLICATION _c2024 |
||
| 942 |
_2ddc _cBK _n0 |
||
| 999 |
_c36036 _d36036 |
||